|
|
|
|
| LEADER |
01228nam a2200313 a 4500 |
| 001 |
721 |
| 003 |
BD-DhAAL |
| 008 |
100622s1975 sz qr p i0 0fre d |
| 010 |
|
|
|a 68000348
|
| 022 |
|
|
|a 0004-5128
|
| 040 |
|
|
|a PPiU
|c PPiU
|d CU-UC
|d CtY
|d NIC
|d MnMULS
|d NIC
|d MH
|d DLC
|d NST
|d OCoLC
|d DLC
|d AIP
|d OCoLC
|d AIP
|d NST
|d MH
|d NST
|d N
|d NST
|d DLC
|d DNLM
|d OCoLC
|d BD-DhAAL
|
| 041 |
|
|
|a fre
|
| 082 |
0 |
|
|a 362.705
|2 19
|
| 210 |
0 |
|
|a Carnets enfance
|
| 222 |
|
4 |
|a Les Carnets de l'enfance
|
| 245 |
0 |
4 |
|a Les Carnets de l'enfance.
|b Assignment children.
|
| 246 |
3 |
1 |
|a Assignment children
|
| 260 |
|
|
|a Geneva, etc.
|b Fonds des Nations unies pour l'enfance.
|c 1975
|
| 300 |
|
|
|a 107 p. :
|b ill.
|c 21 cm.
|
| 362 |
0 |
|
|a Vol No.29
|
| 541 |
1 |
|
|e 00000721
|
| 650 |
|
0 |
|a Child welfare
|v Periodicals.
|9 54369
|
| 650 |
|
2 |
|a Child Welfare
|v Periodicals.
|9 54370
|
| 710 |
2 |
|
|a UNICEF.
|
| 710 |
2 |
|
|a UNICEF.
|b European Office.
|9 54371
|
| 852 |
4 |
|
|a Ayesha Abed Library
|j General shelf
|
| 942 |
|
|
|2 ddc
|c BK
|
| 999 |
|
|
|c 9055
|d 9055
|
| 952 |
|
|
|0 0
|1 0
|2 ddc
|4 1
|6 362_705000000000000_LES
|7 0
|9 11210
|a BRACUL
|b BRACUL
|c SPS
|d 2010-06-23
|g 0.00
|l 0
|o 362.705 LES
|p 3010000721
|r 2010-06-23
|t 1
|w 2010-06-23
|y BK
|z Not price in Register
|x Photocopy Book. Declared as Damaged on December 10, 2023
|